000 00296nam a22001337a 4500
008 170523b xxu||||| |||| 00| 0 eng d
020 _a9780321105516
041 _aeng
080 _a94
100 _a16
101 _aSHH
245 _aSOURCES OF THE WEST
_cKISHLANSKY.M.A
942 _2udc
_cBK
999 _c13847
_d13847